Adaptive learning in the foraging behavior of the predatory mite Phytoseiulus persimilis /

Na minha lista:
Detalhes bibliográficos
Outros Autores: Hoffmann, D., Rahmani, H., Schausberger, P., Walzer, A.
Formato: Artigo
Idioma:English
Assuntos:
Tags: Adicionar Tag
Sem tags, seja o primeiro a adicionar uma tag!
Thư viện lưu trữ: Thư viện Trường Đại học Đà Lạt
LEADER 00993nam a2200349 4500
001 DLU110116976
005 ##20101221
040 # # |a DLU  |b eng 
041 # # |a eng 
044 # # |a uk 
245 # # |a Adaptive learning in the foraging behavior of the predatory mite Phytoseiulus persimilis /  |c H. Rahmani ... [et al.]. 
653 # # |a Adaptive value 
653 # # |a Cannibalism 
653 # # |a Memory 
653 # # |a Optimal foraging 
653 # # |a Phytoseiidae 
653 # # |a Predator 
653 # # |a Survival 
700 # # |a Hoffmann, D. 
700 # # |a Rahmani, H. 
700 # # |a Schausberger, P. 
700 # # |a Walzer, A. 
773 # # |t Behavioral ecology  |g Vol. 20, no. 5 (September-October 2009), p. 946-950 
920 # # |a  Phòng Tạp chí -- Trung tâm Thông tin - Thư viện Trường Đại học Đà Lạt 
994 # # |a DLU 
900 # # |a True 
911 # # |a Trương Bảo Trâm Anh 
925 # # |a G 
926 # # |a A 
927 # # |a BB 
980 # # |a Thư viện Trường Đại học Đà Lạt